Solutions for environmental problems in chemical industries (Record no. 40988)

MARC details
000 -LEADER
fixed length control field 00426nam a2200145Ia 4500
082 ## - DEWEY DECIMAL CLASSIFICATION NUMBER
Classification number 661.1:64.87
Item number VEN
100 ## - MAIN ENTRY--AUTHOR NAME
Personal name Venkataraman, N S
245 #0 - TITLE STATEMENT
Title Solutions for environmental problems in chemical industries
260 ## - PUBLICATION, DISTRIBUTION, ETC. (IMPRINT)
Place of publication Madrs
Name of publisher Nandini Consultancy Centre
Year of publication 1995
650 ## - SUBJECT ADDED ENTRY--TOPICAL TERM
Topical Term Plastic disposal
650 ## - SUBJECT ADDED ENTRY--TOPICAL TERM
Topical Term Rubber waste
650 ## - SUBJECT ADDED ENTRY--TOPICAL TERM
Topical Term Waste water treatment
942 ## - ADDED ENTRY ELEMENTS (KOHA)
Koha item type Books
Holdings
Withdrawn status Lost status Damaged status Not for loan Home library Current library Date acquired Cost, normal purchase price Full call number Accession Number Koha item type
        RRII Library RRII Library 16/12/2021 600.00 661.1:64.87 VEN 21281 Books